U.S. States with More Men than Women - Statistics

General Stats
  • This quiz has been taken 13,950 times
  • The average score is 8 of 10
Answer Stats
Men / Women State % Correct
1.044 North Dakota
84%
1.110 Alaska
82%
1.022 Montana
82%
1.038 South Dakota
82%
1.012 Idaho
81%
1.026 Wyoming
80%
1.027 Utah
74%
1.029 Colorado
69%
1.013 Nevada
67%
1.014 Washington
67%
No matching quizzes found
Score Distribution
Percent of People with Each Score
Percentile by Number Answered
Your Score History
You have not taken this quiz